Statistics for Countries that won an Olympic medal at Rio 2016

Click here to take the quiz!

General Stats

  • This quiz has been taken 74 times
    (53 since last reset)
  • The average score is 64 of 87

Answer Stats

MedalsAnswer% Correct
29Australia
98%
70China
98%
18New Zealand
98%
56Russia
98%
121USA
98%
42France
96%
67Great Britain
96%
10South Africa
94%
17Spain
94%
19Brazil
91%
42Germany
91%
21South Korea
91%
4Argentina
89%
1Finland
89%
28Italy
89%
41Japan
89%
5Mexico
89%
19Netherlands
89%
4Norway
89%
11Sweden
89%
22Canada
87%
6Greece
87%
11Jamaica
87%
11Poland
87%
6Belgium
85%
10Czech Republic
85%
15Denmark
85%
1Austria
83%
2India
83%
13Kenya
83%
7North Korea
83%
1Portugal
83%
5Romania
83%
11Ukraine
83%
9Belarus
81%
11Cuba
81%
3Egypt
81%
2Ireland
81%
7Switzerland
81%
8Turkey
81%
4Slovenia
79%
3Bulgaria
77%
8Colombia
77%
8Ethiopia
77%
8Iran
77%
4Slovakia
77%
3Venezuela
77%
2Algeria
74%
15Hungary
74%
2Israel
74%
17Kazakhstan
74%
1Niger
74%
8Serbia
74%
10Croatia
68%
1Estonia
68%
3Indonesia
68%
5Malaysia
68%
1Nigeria
68%
6Thailand
68%
1Fiji
66%
4Lithuania
66%
2Mongolia
66%
1Morocco
66%
1Kosovo
64%
2Vietnam
64%
18Azerbaijan
62%
2Bahamas
62%
3Tunisia
62%
1Jordan
60%
1Qatar
60%
13Uzbekistan
57%
4Armenia
55%
7Georgia
55%
1Moldova
55%
1Singapore
55%
1United Arab Emirates
55%
3Chinese Taipei
53%
1Philippines
53%
1Dominican Republic
51%
2Ivory coast
51%
1Tajikistan
51%
1Trinidad and tobago
51%
1Puerto rico
49%
2Bahrain
47%
1Grenada
36%
1Burundi
26%
2IOA
13%

Score Distribution

Percentile by Number Answered

Percent of People with Each Score

Your Score History

You have not taken this quiz since the last reset